| 000 | 00423nam a2200145 4500 | ||
|---|---|---|---|
| 001 | 113309 | ||
| 003 | ES-MaACL | ||
| 007 | t| | ||
| 008 | 061121s1970 sp r ||||1| spa d | ||
| 245 | 0 | 0 | _aPalacios museos del Patrimonio Nacional. |
| 260 |
_aMadrid : _bPatrimonio Nacional, _cBarcelona. |
||
| 300 |
_aXII p., 201 lám. ; _c28 cm. |
||
| 710 | 2 |
_aPatrimonio Nacional (España) _96165 |
|
| 852 |
_aES-MaACL _jE-5824 _bR.90231 |
||
| 999 |
_c113309 _d113309 |
||